000 03006nam0a22004931 4500
001 v19\rc\1601294
005 20260406163818.0
035 _a(NLR Aleph) 005238398
090 _a5678543
_c5678543
100 _a20061002d1899 u y0rusy50 ca
101 0 _arus
102 _aRU
105 _ac z 000cd
135 _acrcn 024aaaba
200 1 _aФ. Лассаль
_eего жизнь, научные труды и общественная деятельность
_eбиогрический очерк В. Я. Классена
_eс портретом Лассаля, гравированным в Лейпциге Геданом
205 _a2-е изд.
210 _aС.-Петербург
_cТипография товарищества «Общественная польза»
_d1899
215 _a160 с., [1] л. портр.
_d18
225 1 _aЖизнь замечательных людей
_eбиографическая библиотека Ф. Павленкова
317 _aИмеется также в Гос. лит. музее «XX век» в мемориальной б-ке М. М. Зощенко. Экз. с рукоп. карандаш. пометами (обл.) и владельч. автогр. М. М. Зощенко с порядковым номером кн. из личного собрания: № 1733 © СПбГБУК «Государственный литературный музей «XX век»
_5ГЛМ «XX век»
320 _aБиблиогр.: с. 4 (22 назв.)
325 _aЭлектронная копия издания представлена фрагментарно из фонда Государственного литературного музея «ХХ век»
532 1 0 _aФердинанд Лассаль
600 1 _aЛассаль
_bФ.
_f1825 - 1864
_gФердинанд
_91356204
_3RU\NLR\AUTH\66252369
686 3 _aФ69(4Г)21
700 1 _7ca
_8rus
_aКлассен
_bВ. Я.
_cочеркист
_9266185
_3RU\NLR\AUTH\770266241
702 1 _4280
_7ca
_8rus
_aЛассаль
_bФ.
_f1825-1864
_gФердинанд
_945840
_3RU\NLR\AUTH\7762910
702 1 _4350
_7ca
_8rus
_aГедан
_bГ.
_cгравер
_f19 в.
_gГерман
_958771
_3RU\NLR\AUTH\7775843
702 1 _4390
_7ca
_8rus
_aЗощенко
_bМ. М.
_f1894-1958
_gМихаил Михайлович
_9120112
_3RU\NLR\AUTH\7710334
801 2 _aRU
_bNLR
_c20080412
_2rusmarc
801 0 _aRU
_bNLR
_c20061002
_gpsbo
801 0 _aRU
_bRuMoRGB
_c20061002
_2psbo
801 1 _aRU
_bProSoft-M
_c20061002
_2rusmarc
852 _aNLR
_j18.17.6.121
856 0 _uhttps://vivaldi.nlr.ru/ob000000377/view
856 1 _uhttps://vivaldi.nlr.ru/ob000000377/cover
856 2 _uhttps://vivaldi.nlr.ru/ob000000377/text
899 _aГЛМ «XX век»
_y(Зощенко)
942 _cBOOK
980 _aNB
981 4 7 _a(47) Личная библиотека М.М. Зощенко